The Tuesday Quiz - Statistics

General Stats
  • This quiz has been taken 407 times
  • The average score is 7 of 15
Answer Stats
Question Answer % Correct
Which country's national election takes place on the Tuesday after the first Monday in November? United States
88%
Which buildings were destroyed during the attacks on Tuesday 11th September 2001? World Trade Center
79%
In Astrology, which planet is associated with Tuesday? Mars
72%
In the nursery rhyme: Monday's child is fair of face, Tuesday's child is full of _____? Grace
70%
What flat fatty food is often associated with Shrove Tuesday? Pancakes
65%
The Great Stock Market Crash, said to have catalyzed the Great Depression, is also known as what? {Black} Tuesday
57%
In the UK, which pizza company has the popular deal "Two for Tuesday"? Domino's
57%
What day across many U.S. cities features a Mexican dish and special deals every Tuesday night? {Taco} Tuesday
57%
What is Fat Tuesday in French? Mardi Gras
50%
Which NASA Space Shuttle explodes 73 seconds after liftoff on Tuesday 28th January 1986? Challenger
47%
Which religion considers Tuesday to be a "Lucky Day"? Judaism
37%
What day is the U.S. presidential primary election day, usually in February or March? {Super} Tuesday
20%
Which actress, prominent in the 60s and 70s, has won a Golden Globe, an Oscar and a BAFTA? Tuesday {Weld}
19%
What name is given to the day when many software companies release updates for their products? {Patch} Tuesday
13%
What is the highest-scoring Scrabble word that can be made out of TUESDAY? (scoring 10 points) Stayed / Steady
11%
No matching quizzes found
Score Distribution
Percent of People with Each Score
Percentile by Number Answered
Your Score History
You have not taken this quiz